[Event "27th Budapest Spring Festival"]
[Site "Budapest, Hungary"]
[Date "2011.03.18"]
[Round "1"]
[White "Toth, Ervin"]
[Black "Juhasz, Armin"]
[Result "1/2-1/2"]
[WhiteElo "2424"]
[BlackElo "2037"]
[PlyCount "68"]
[EventDate "2011.??.??"]

1. d4 Nf6 2. c4 e6 3. Nc3 Bb4 4. f3 d5 5. a3 Bxc3+ 6. bxc3 O-O 7. cxd5 exd5 8.
e3 c5 9. Bd3 Re8 10. Ne2 Nc6 11. O-O b6 12. Ra2 a5 13. Ng3 Ba6 14. Bxa6 Rxa6
15. Qa4 Qc8 16. Re2 Qb7 17. e4 b5 18. Qd1 dxe4 19. fxe4 cxd4 20. cxd4 b4 21.
Ref2 Rd8 22. Nf5 Ne7 23. Nxe7+ Qxe7 24. e5 Nd5 25. Rxf7 Qh4 26. Qd3 Rg6 27. Qc4
Qe4 28. R7f3 h6 29. axb4 axb4 30. Bd2 Kh7 31. Kh1 Nb6 32. Qc7 Rxd4 33. Qc1 Qxe5
34. Bf4 Qe2 1/2-1/2

[Event "27th Budapest Spring Festival"]
[Site "Budapest, Hungary"]
[Date "2011.03.18"]
[Round "1"]
[White "Horvath, David"]
[Black "Varga, Melinda"]
[Result "1/2-1/2"]
[WhiteElo "2309"]
[BlackElo "2031"]
[PlyCount "65"]
[EventDate "2011.??.??"]

1. d4 d5 2. c4 c6 3. Nf3 Nf6 4. Nc3 dxc4 5. a4 Bf5 6. e3 e6 7. Bxc4 Bb4 8. O-O
O-O 9. Qb3 Qe7 10. Nh4 Bg4 11. f3 Bh5 12. g4 Bg6 13. Nxg6 hxg6 14. g5 Nd5 15.
f4 Nb6 16. Be2 c5 17. Na2 Nc6 18. Nxb4 Na5 19. Qd1 cxb4 20. Bd2 Nbc4 21. Bxc4
Nxc4 22. b3 Nb6 23. Qe2 Rfc8 24. Rfc1 Qd6 25. Qb5 a5 26. Kf2 Rcb8 27. Rc2 Rc8
28. Rac1 Rxc2 29. Rxc2 f6 30. h4 Kf7 31. h5 gxh5 32. gxf6 g6 33. Qc5 {
after 23 move} 1/2-1/2

[Event "27th Budapest Spring Festival"]
[Site "Budapest, Hungary"]
[Date "2011.03.18"]
[Round "1"]
[White "Orfei, Rolando"]
[Black "Lengyel, Bela"]
[Result "0-1"]
[WhiteElo "2025"]
[BlackElo "2296"]
[PlyCount "112"]
[EventDate "2011.??.??"]

1. e4 e5 2. Nc3 Nf6 3. g3 Bc5 4. Bg2 Nc6 5. Nge2 Nd4 6. Na4 d6 7. Nxd4 Bxd4 8.
c3 Bb6 9. Nxb6 axb6 10. d4 Qe7 11. O-O O-O 12. Bg5 h6 13. Bxf6 Qxf6 14. f4 Qe7
15. a3 Bd7 16. Qd3 Rad8 17. Rf2 Kh8 18. Raf1 f6 19. c4 exd4 20. Qxd4 Be6 21.
Qc3 Bg8 22. Rc2 Rfe8 23. Re1 Qf7 24. Rcc1 Qe7 25. b4 c6 26. Rcd1 Ra8 27. Bh3
Qf7 28. c5 bxc5 29. bxc5 dxc5 30. Qxc5 Qc4 31. Qb6 Rxe4 32. Qxb7 Rae8 33. Rxe4
Qxe4 34. Bg2 Qe3+ 35. Kh1 Rd8 36. Qb1 Rxd1+ 37. Qxd1 c5 38. Bd5 Bxd5+ 39. Qxd5
Qxa3 40. Qe6 Qc1+ 41. Kg2 Qc2+ 42. Kh3 f5 43. g4 fxg4+ 44. Qxg4 c4 45. Qe6 Qd3+
46. Kg4 c3 47. f5 Qd8 48. Qe4 Qc8 49. Qc2 g6 50. Kg3 gxf5 51. Qd3 Qc7+ 52. Kf2
c2 53. Qd4+ Kh7 54. Qf6 c1=Q 55. Qxf5+ Kg7 56. Qg4+ Qg5 0-1

[Event "27th Budapest Spring Festival"]
[Site "Budapest, Hungary"]
[Date "2011.03.18"]
[Round "1"]
[White "Tran, Tuan Minh"]
[Black "Yin, Stanley"]
[Result "1-0"]
[WhiteElo "2295"]
[BlackElo "2005"]
[PlyCount "35"]
[EventDate "2011.??.??"]

1. d4 Nf6 2. Bg5 c6 3. Bxf6 gxf6 4. e3 Na6 5. Nd2 Nc7 6. Qh5 h6 7. Ngf3 d5 8.
O-O-O Rg8 9. h3 b5 10. e4 Ne6 11. g3 Ng7 12. Qxh6 dxe4 13. Qh7 Bf5 14. Qxg8
exf3 15. g4 Be6 16. h4 Bxg4 17. Bh3 Bh5 18. Rhg1 1-0

[Event "27th Budapest Spring Festival"]
[Site "Budapest, Hungary"]
[Date "2011.03.18"]
[Round "1"]
[White "Zilahi, Gabor"]
[Black "Bach, Matthias"]
[Result "1/2-1/2"]
[WhiteElo "2004"]
[BlackElo "2290"]
[PlyCount "77"]
[EventDate "2011.??.??"]

1. d4 d6 2. Nf3 g6 3. g3 Bd7 4. Bg2 Qc8 5. O-O Nc6 6. d5 Nd8 7. c4 Bg7 8. Nc3
Nh6 9. e4 f6 10. Qc2 Nhf7 11. b4 a5 12. b5 O-O 13. Ba3 b6 14. Bb2 Ne5 15. Nxe5
fxe5 16. Bc1 Nf7 17. Be3 Bh3 18. Qd2 h6 19. f3 Kh7 20. Rf2 h5 21. Raf1 Nh6 22.
Nd1 Rf7 23. f4 Bxg2 24. Kxg2 Ng4 25. Rf3 exf4 26. Bxf4 e5 27. Bg5 Rxf3 28. Rxf3
Qg8 29. h3 Nh6 30. Qf2 Rf8 31. Ne3 Rxf3 32. Qxf3 Nf7 33. Bf6 Bh6 34. h4 Qc8 35.
Nf1 Qd7 36. Nh2 Bg7 37. g4 Nh6 38. gxh5 gxh5 39. Bg5 1/2-1/2

[Event "27th Budapest Spring Festival"]
[Site "Budapest, Hungary"]
[Date "2011.03.18"]
[Round "1"]
[White "Werner, Dimo"]
[Black "Farkas, Richard"]
[Result "1-0"]
[WhiteElo "2272"]
[BlackElo "2001"]
[PlyCount "97"]
[EventDate "2011.??.??"]

1. d4 d5 2. Nf3 Nf6 3. c4 c6 4. Qc2 g6 5. e3 Bf5 6. Bd3 Bxd3 7. Qxd3 Nbd7 8.
O-O Bg7 9. Nc3 O-O 10. e4 dxe4 11. Nxe4 Nxe4 12. Qxe4 c5 13. Be3 b6 14. Rad1
Nf6 15. Qh4 Qc7 16. d5 Rfe8 17. Bf4 Qc8 18. h3 Qa6 19. Be5 Nh5 20. Bxg7 Nxg7
21. a3 Nf5 22. Qf4 Nd6 23. Rc1 b5 24. cxb5 Qxb5 25. Rc2 Rac8 26. Qe5 f6 27.
Qe6+ Nf7 28. Rfc1 Qb6 29. Nd4 Rcd8 30. Nc6 Rd6 31. Qe4 Kf8 32. b4 cxb4 33. Nxb4
a5 34. Nc6 e6 35. dxe6 Rdxe6 36. Qd5 Re1+ 37. Rxe1 Rxe1+ 38. Kh2 Qb1 39. Nd4
Rh1+ 40. Kg3 Qb8+ 41. f4 h5 42. Rc7 Qe8 43. Ne6+ Kg8 44. Ra7 h4+ 45. Kxh4 g5+
46. fxg5 fxg5+ 47. Nxg5 Qe1+ 48. g3 Rf1 49. Rxf7 1-0

[Event "27th Budapest Spring Festival"]
[Site "Budapest, Hungary"]
[Date "2011.03.18"]
[Round "1"]
[White "Grimm, Daniel"]
[Black "Juhasz, Kristof"]
[Result "0-1"]
[WhiteElo "1997"]
[BlackElo "2272"]
[PlyCount "90"]
[EventDate "2011.??.??"]

1. e4 c6 2. d4 d5 3. Nd2 dxe4 4. Nxe4 Bf5 5. Ng3 Bg6 6. h4 h6 7. Nf3 Nd7 8. h5
Bh7 9. Bd3 Bxd3 10. Qxd3 e6 11. Bd2 Ngf6 12. O-O-O Be7 13. c4 O-O 14. Ne4 b5
15. c5 Nxc5 16. Nxc5 Bxc5 17. Bxh6 gxh6 18. dxc5 Qxd3 19. Rxd3 Ne4 20. Rd4 Nxc5
21. Ne5 Rfd8 22. Rhd1 Rd5 23. Rg4+ Kf8 24. Rxd5 cxd5 25. Rf4 f5 26. g4 Ke7 27.
gxf5 Kf6 28. Ng4+ Kg5 29. Rd4 Rc8 30. Kd1 Kxf5 31. Nxh6+ Kg5 32. Nf7+ Kxh5 33.
Nd6 Rb8 34. f4 Kg6 35. f5+ Kf6 36. fxe6 Kxe6 37. Nf5 Na4 38. b3 Nc3+ 39. Kd2 b4
40. Ne3 a5 41. Kc2 Rh8 42. Rd2 Rh3 43. Ng2 Ke5 44. Kb2 d4 45. Ne1 Ke4 0-1

[Event "27th Budapest Spring Festival"]
[Site "Budapest, Hungary"]
[Date "2011.03.18"]
[Round "1"]
[White "Szalanczy, Emil"]
[Black "Schmitt, Carsten"]
[Result "1-0"]
[WhiteElo "2269"]
[BlackElo "1956"]
[PlyCount "72"]
[EventDate "2011.??.??"]

1. e4 c5 2. Nf3 Nc6 3. d4 cxd4 4. Nxd4 Nf6 5. Nc3 e6 6. Ndb5 d6 7. Bf4 e5 8.
Be3 a6 9. Na3 Be6 10. Nc4 b5 11. Nb6 Rb8 12. Nbd5 Bxd5 13. Nxd5 Nxd5 14. Qxd5
Nb4 15. Qb3 d5 16. Bd2 dxe4 17. Bxb4 e3 18. a3 Bc5 19. fxe3 Qh4+ 20. g3 Qe4 21.
Bxc5 Qxh1 22. O-O-O Qc6 23. Qd5 Qxd5 24. Rxd5 f6 25. Rd6 h5 26. h4 Rd8 27. Rxa6
Rh6 28. Bxb5+ Kf7 29. Bc4+ Kg6 30. e4 Kh7 31. Be6 Kh8 32. Bf7 Rd7 33. Ra8+ Kh7
34. Bg8+ Kg6 35. Be6 Rc7 36. Bf5+ Kf7 1-0

[Event "27th Budapest Spring Festival"]
[Site "Budapest, Hungary"]
[Date "2011.03.18"]
[Round "1"]
[White "Kornath, Heinrich"]
[Black "Koczo, Kristof"]
[Result "0-1"]
[WhiteElo "1940"]
[BlackElo "2264"]
[PlyCount "84"]
[EventDate "2011.??.??"]

1. e4 c6 2. Ne2 d5 3. e5 c5 4. d4 cxd4 5. Nxd4 Nc6 6. Bb5 Bd7 7. Bxc6 bxc6 8.
O-O e6 9. Nf3 Ne7 10. c4 Ng6 11. Nc3 Be7 12. Re1 O-O 13. Qd3 Rb8 14. b3 Qa5 15.
Bd2 Qa6 16. Ne2 Rfd8 17. Qc2 Be8 18. cxd5 cxd5 19. Rac1 Ba3 20. Rcd1 Bb5 21.
Bc3 Rdc8 22. Ned4 Bb4 23. Re3 Rc7 24. Nxb5 Qxb5 25. Qd2 Be7 26. g3 Rbc8 27. Nd4
Qe8 28. Bb4 Bxb4 29. Qxb4 Rc1 30. Rxc1 Rxc1+ 31. Kg2 Qc8 32. a4 h5 33. h4 Qc5
34. Qxc5 Rxc5 35. f4 Ne7 36. Kf3 g6 37. Nb5 Nc6 38. Rd3 a6 39. Nd6 Nb4 40. Re3
Nc2 41. b4 Rc7 42. Ne8 Rc4 0-1

[Event "27th Budapest Spring Festival"]
[Site "Budapest, Hungary"]
[Date "2011.03.18"]
[Round "1"]
[White "Hradeczky, Tamas"]
[Black "Gal, Janos"]
[Result "1-0"]
[WhiteElo "2260"]
[BlackElo "1937"]
[PlyCount "77"]
[EventDate "2011.??.??"]

1. d4 Nf6 2. Nf3 d5 3. c4 e6 4. Nc3 c5 5. cxd5 exd5 6. Bg5 Be6 7. e3 Be7 8.
dxc5 h6 9. Bb5+ Nc6 10. Bxf6 Bxf6 11. Nd4 O-O 12. Bxc6 bxc6 13. O-O Bd7 14. b4
Be5 15. Qd2 Qf6 16. f4 Bxd4 17. Qxd4 Qg6 18. Rf3 h5 19. Rg3 Qh6 20. e4 h4 21.
Rf3 Bg4 22. Re3 Qxf4 23. Rf1 Qc7 24. exd5 Qd7 25. h3 Be6 26. d6 a5 27. Ne4 axb4
28. Nf6+ gxf6 29. Qxh4 Bf5 30. Re7 Qc8 31. d7 Bxd7 32. Qg3+ Bg4 33. Rxf6 Rxa2
34. Re4 Kg7 35. Qe5 Rxg2+ 36. Kxg2 Bxh3+ 37. Kg1 Rg8 38. Kf2 Be6 39. Rxe6+ 1-0

[Event "27th Budapest Spring Festival"]
[Site "Budapest, Hungary"]
[Date "2011.03.18"]
[Round "1"]
[White "Peczely, Sebastian Zsombor"]
[Black "Boguszlavszkij, Jevgenyij"]
[Result "0-1"]
[WhiteElo "1929"]
[BlackElo "2254"]
[PlyCount "64"]
[EventDate "2011.??.??"]

1. e4 g6 2. d4 Bg7 3. c4 d6 4. Nc3 Nd7 5. g3 e5 6. d5 Ngf6 7. Bg2 a5 8. Nge2
O-O 9. O-O Nc5 10. Be3 b6 11. a3 Ng4 12. Bxc5 bxc5 13. h3 Nh6 14. Qd2 f5 15. f4
fxe4 16. fxe5 Nf5 17. e6 Ba6 18. b3 a4 19. Bxe4 axb3 20. Bxf5 gxf5 21. Qd3 Qe7
22. Rab1 c6 23. Rxb3 cxd5 24. Qxd5 Rae8 25. Nb5 Qxe6 26. Nf4 Qxd5 27. Nxd5 Re2
28. Nxd6 Bd4+ 29. Kh1 Be5 30. Nxf5 Bxc4 31. Rb7 Bxd5+ 32. Kg1 Rg2+ 0-1

[Event "27th Budapest Spring Festival"]
[Site "Budapest, Hungary"]
[Date "2011.03.18"]
[Round "1"]
[White "Kahn, Evarth Dr"]
[Black "Pogats, Jozsef Jr"]
[Result "1-0"]
[WhiteElo "2253"]
[BlackElo "1924"]
[PlyCount "71"]
[EventDate "2011.??.??"]

1. e4 c5 2. Nf3 e6 3. d4 cxd4 4. Nxd4 Nf6 5. Bd3 Nc6 6. Nxc6 bxc6 7. O-O Qc7 8.
f4 Bc5+ 9. Kh1 h5 10. Nc3 h4 11. e5 Nh5 12. Ne4 Ng3+ 13. Nxg3 hxg3 14. h3 Bf2
15. Qf3 Qb6 16. Bd2 Bb7 17. Be4 d5 18. exd6 f5 19. Rxf2 fxe4 20. Qxg3 O-O-O 21.
Qxg7 c5 22. Qc7+ Qxc7 23. dxc7 Rdg8 24. Kh2 Kxc7 25. Be3 Kc6 26. f5 exf5 27.
Rxf5 Rg6 28. Rd1 Kc7 29. Rxc5+ Kb8 30. Rd7 Rhg8 31. Rb5 Rxg2+ 32. Kh1 R2g3 33.
Rbxb7+ Ka8 34. Rxa7+ Kb8 35. Bf4+ Kc8 36. Rdc7+ 1-0

[Event "27th Budapest Spring Festival"]
[Site "Budapest, Hungary"]
[Date "2011.03.18"]
[Round "1"]
[White "Papa, Kassim"]
[Black "Juracsik, Jozsef"]
[Result "0-1"]
[WhiteElo "1919"]
[BlackElo "2228"]
[PlyCount "50"]
[EventDate "2011.??.??"]

1. e4 c5 2. Nf3 d6 3. d4 cxd4 4. Nxd4 Nf6 5. Nc3 a6 6. f3 e6 7. Be3 Be7 8. Qd2
Nc6 9. g4 O-O 10. O-O-O Nxd4 11. Bxd4 b5 12. Kb1 Qc7 13. g5 Nd7 14. h4 b4 15.
Ne2 Rb8 16. h5 Ne5 17. Ng1 f5 18. gxf6 Bxf6 19. f4 Ng4 20. Nh3 e5 21. Bg1 a5
22. f5 Bb7 23. Qg2 Nh6 24. Qe2 Nxf5 25. Rh2 Nd4 0-1

[Event "27th Budapest Spring Festival"]
[Site "Budapest, Hungary"]
[Date "2011.03.18"]
[Round "1"]
[White "Teglas, Balazs"]
[Black "Ruck, Robert"]
[Result "1-0"]
[WhiteElo "2202"]
[BlackElo "1914"]
[PlyCount "49"]
[EventDate "2011.??.??"]

1. d4 d5 2. Bf4 Nf6 3. e3 Bf5 4. c4 c6 5. Nc3 e6 6. Qb3 Qb6 7. c5 Qxb3 8. axb3
Nbd7 9. b4 Nh5 10. b5 e5 11. Bg3 Nxg3 12. hxg3 exd4 13. exd4 Be7 14. Be2 O-O
15. g4 Bg6 16. Nf3 Rfe8 17. O-O h6 18. b4 Bf6 19. Rfd1 Nf8 20. bxc6 bxc6 21. b5
Ne6 22. bxc6 Be4 23. Nb5 Nf4 24. Bf1 Re7 25. c7 1-0

[Event "27th Budapest Spring Festival"]
[Site "Budapest, Hungary"]
[Date "2011.03.18"]
[Round "1"]
[White "Lee, Kai Jie Edward"]
[Black "Somogyi, Istvan"]
[Result "1/2-1/2"]
[WhiteElo "1913"]
[BlackElo "2176"]
[PlyCount "78"]
[EventDate "2011.??.??"]

1. e4 c5 2. Nf3 e6 3. c4 Nc6 4. Nc3 Nf6 5. d4 cxd4 6. Nxd4 Bb4 7. Nxc6 bxc6 8.
Bd3 O-O 9. O-O d5 10. Bg5 dxc4 11. e5 Qxd3 12. exf6 g6 13. Qa4 a5 14. Bh6 Re8
15. Rad1 Qf5 16. Qxc6 Ba6 17. Bg7 Bf8 18. Bxf8 Rxf8 19. Rd6 Qxf6 20. Rfd1 Qe5
21. a4 Kg7 22. g3 Ra7 23. Nb5 Bb7 24. Qxc4 Bd5 25. Qd4 Qxd4 26. Rxd4 Rb7 27.
Nc3 Rxb2 28. Nxd5 exd5 29. R6xd5 Ra8 30. Kg2 Rb4 31. Rxa5 Rxd4 32. Rxa8 Rd2 33.
a5 Ra2 34. a6 h5 35. h4 Ra3 36. a7 Kf6 37. Kf1 Ra1+ 38. Ke2 Ra2+ 39. Kd3 Ra3+
1/2-1/2

[Event "27th Budapest Spring Festival"]
[Site "Budapest, Hungary"]
[Date "2011.03.18"]
[Round "1"]
[White "Kabai, Zsuzsanna"]
[Black "Katona, Jozsef"]
[Result "1-0"]
[WhiteElo "2148"]
[BlackElo "1909"]
[PlyCount "83"]
[EventDate "2011.??.??"]

1. d4 g6 2. c4 Bg7 3. e4 d6 4. Nc3 Nd7 5. Nf3 b6 6. Be2 Bb7 7. Be3 e6 8. Qc2
Ne7 9. Nd2 O-O 10. O-O h6 11. f3 f5 12. g4 e5 13. d5 f4 14. Bf2 g5 15. b4 Ng6
16. Rfb1 Nf6 17. c5 h5 18. h3 Qe7 19. Nf1 Bc8 20. Nh2 Kf7 21. Nb5 hxg4 22. hxg4
Ne8 23. Rc1 Bd7 24. Nxc7 Nxc7 25. cxd6 Qxd6 26. Qxc7 Ke7 27. Bb5 Rfc8 28. Qxd6+
Kxd6 29. Ba6 Rc7 30. Nf1 Ba4 31. Rxc7 Kxc7 32. Rc1+ Kd8 33. b5 Bf8 34. Nd2 Ba3
35. Rc4 Bd1 36. Kf1 Nh4 37. Bxh4 gxh4 38. Ke1 h3 39. Rc6 Ke7 40. Rh6 Bc2 41.
Rxh3 Kd6 42. Nc4+ 1-0

[Event "27th Budapest Spring Festival"]
[Site "Budapest, Hungary"]
[Date "2011.03.18"]
[Round "1"]
[White "Xu, Fei"]
[Black "Kantor, Gergely"]
[Result "0-1"]
[WhiteElo "1909"]
[BlackElo "2147"]
[PlyCount "78"]
[EventDate "2011.??.??"]

1. e4 e6 2. d4 d5 3. Nc3 Nf6 4. e5 Nfd7 5. f4 c5 6. Nf3 Nc6 7. Be3 Be7 8. Qd2
O-O 9. Be2 a6 10. O-O b5 11. a3 Qb6 12. Nd1 Bb7 13. c3 cxd4 14. Nxd4 Qc7 15.
Rf3 Nc5 16. Rh3 g6 17. Rc1 Na5 18. Qc2 Ne4 19. Nf2 Nc4 20. Bd3 Nxe3 21. Rxe3
Nxf2 22. Qxf2 Bc5 23. Rce1 Qe7 24. Qg3 Bc8 25. Qf2 f6 26. b4 Bb6 27. Qh4 Bd7
28. Rh3 Qg7 29. Kh1 Rac8 30. f5 fxe5 31. fxe6 Be8 32. e7 Rf4 33. Qg5 Bxd4 34.
cxd4 Rxd4 35. Rf3 Bf7 36. Qxe5 Qxe5 37. Rxe5 Rxd3 38. e8=Q+ Bxe8 39. Rf1 Bf7
0-1

[Event "27th Budapest Spring Festival"]
[Site "Budapest, Hungary"]
[Date "2011.03.18"]
[Round "1"]
[White "Ngo Tan, Don"]
[Black "Kiss, Peter"]
[Result "1/2-1/2"]
[WhiteElo "2141"]
[BlackElo "1902"]
[PlyCount "75"]
[EventDate "2011.??.??"]

1. Nf3 f5 2. d4 Nf6 3. g3 g6 4. Bg2 Bg7 5. O-O O-O 6. c4 d6 7. Nc3 Qe8 8. Bf4
Nh5 9. e3 Qf7 10. Ng5 Qe8 11. Nf3 Kh8 12. d5 Na6 13. Nd4 Bd7 14. Rc1 h6 15. Bf3
Nf6 16. e4 Nxe4 17. Nxe4 fxe4 18. Bxe4 Nc5 19. Bg2 a5 20. Re1 g5 21. Be3 Qg6
22. Bf1 Kg8 23. Nb5 Bxb5 24. Bxc5 dxc5 25. cxb5 Bd4 26. Rc2 Qf6 27. Qd2 Qb6 28.
Re6 Rxf2 29. Qxf2 Bxf2+ 30. Rxf2 Qa7 31. Rg6+ Kh8 32. Bd3 c4 33. Bc2 Qc5 34.
Rxh6+ Kg7 35. Rg6+ Kh8 36. Rxg5 Rf8 37. Bf5 Qxd5 38. h4 1/2-1/2

[Event "27th Budapest Spring Festival"]
[Site "Budapest, Hungary"]
[Date "2011.03.18"]
[Round "1"]
[White "Tessedik, Karoly"]
[Black "Borda, Lajos"]
[Result "0-1"]
[WhiteElo "1883"]
[BlackElo "2135"]
[PlyCount "108"]
[EventDate "2011.??.??"]

1. d4 c5 2. d5 e5 3. g3 d6 4. Bg2 b5 5. Nf3 Bb7 6. a4 Nf6 7. Bg5 bxa4 8. O-O
Be7 9. Bxf6 Bxf6 10. Rxa4 Nd7 11. e4 O-O 12. Nbd2 Nb6 13. Ra3 Qc7 14. c4 a5 15.
Qc2 a4 16. Rfa1 Rfb8 17. Bf1 Bc8 18. h3 Bd7 19. Kh2 Ra7 20. Nb1 Rab7 21. R1a2
Qc8 22. Nc3 Be7 23. Nd1 Na8 24. Ne3 Nc7 25. Nf5 Bf8 26. g4 g6 27. Ne3 Rb3 28.
Nd2 Qb7 29. Nd1 Na6 30. Qb1 Rxa3 31. Rxa3 Bh6 32. Qc2 Bf4+ 33. Kg2 Qb4 34. Nf3
Qa5 35. Ng1 Kg7 36. Ne2 Bg5 37. Qc3 Qb4 38. Qc2 Qe1 39. Nec3 Nb4 40. Qe2 Qxe2
41. Bxe2 Nc2 42. Ra2 Rb4 43. Bf1 Kf6 44. f3 h5 45. Nb5 hxg4 46. hxg4 Bxb5 47.
cxb5 Ne3+ 48. Nxe3 Bxe3 49. Be2 Bd4 50. Kf1 Bxb2 51. Ke1 a3 52. Kd2 Ke7 53. Kc2
Kd7 54. Bd3 Kc7 0-1

[Event "27th Budapest Spring Festival"]
[Site "Budapest, Hungary"]
[Date "2011.03.18"]
[Round "2"]
[White "Lengyel, Bela"]
[Black "Bea, Boglarka"]
[Result "1/2-1/2"]
[WhiteElo "2296"]
[BlackElo "2109"]
[PlyCount "131"]
[EventDate "2011.??.??"]

1. e4 c5 2. Nf3 e6 3. d4 cxd4 4. Nxd4 Nc6 5. Nb5 d6 6. c4 Nf6 7. N1c3 a6 8. Na3
Be7 9. Be2 O-O 10. O-O b6 11. Be3 Bb7 12. Qb3 Nd7 13. Rfd1 Nc5 14. Qc2 Bf6 15.
Rac1 Be5 16. Nab1 f5 17. f4 Bxc3 18. Nxc3 fxe4 19. Nxe4 Nb4 20. Qd2 Nxa2 21.
Nxc5 dxc5 22. Qe1 Qe7 23. Rc2 Rad8 24. Rcd2 Be4 25. Bg4 Bf5 26. Bf3 Nb4 27. Qe2
Rxd2 28. Qxd2 Bd3 29. Qc3 Rd8 30. Bf2 Bf5 31. Rxd8+ Qxd8 32. g4 Bg6 33. Qe5 Kf7
34. f5 exf5 35. h4 fxg4 36. Bxg4 Kg8 37. Be3 Bf7 38. b3 h6 39. h5 Nc2 40. Bf4
Qd4+ 41. Kh2 Qxe5 42. Bxe5 b5 43. Bd6 bxc4 44. bxc4 Bxc4 45. Bxc5 a5 46. Kg3
Kf7 47. Bb6 a4 48. Bd1 Bb3 49. Bc5 Ne3 50. Bf3 Nf5+ 51. Kf4 Ne7 52. Ba3 Ng8 53.
Kg4 Nf6+ 54. Kh4 Ke6 55. Bf8 Kf7 56. Ba3 Ke6 57. Bf8 Kf5 58. Be2 Bc2 59. Bf3
g5+ 60. hxg6 Kxg6 61. Bc6 Bd1 62. Bb5 h5 63. Ba3 Kf5 64. Bb2 Nd5 65. Bxa4 Bxa4
66. Kxh5 1/2-1/2

[Event "27th Budapest Spring Festival"]
[Site "Budapest, Hungary"]
[Date "2011.03.18"]
[Round "2"]
[White "Kantor, Gergely"]
[Black "Tran, Tuan Minh"]
[Result "1-0"]
[WhiteElo "2147"]
[BlackElo "2295"]
[PlyCount "73"]
[EventDate "2011.??.??"]

1. d4 e6 2. c4 f5 3. g3 Nf6 4. Bg2 c6 5. Nf3 d5 6. O-O Bd6 7. Nc3 O-O 8. Qc2
Ne4 9. Rb1 Nd7 10. b4 a6 11. a4 Ndf6 12. c5 Bc7 13. Bf4 Bxf4 14. gxf4 Bd7 15.
Ne5 Be8 16. Nd1 Nh5 17. f3 Nef6 18. e3 Nd7 19. Nxd7 Bxd7 20. Nf2 Kh8 21. Nd3
Rc8 22. Ne5 Be8 23. Qf2 Rc7 24. Kh1 g5 25. fxg5 f4 26. e4 Qxg5 27. Bh3 Rg7 28.
Rg1 Qf6 29. exd5 exd5 30. Rxg7 Nxg7 31. Rg1 Nf5 32. Bxf5 Qxf5 33. Qh4 Rg8 34.
Rxg8+ Kxg8 35. Ng4 Qd3 36. Qg5+ Bg6 37. Qd8+ 1-0

[Event "27th Budapest Spring Festival"]
[Site "Budapest, Hungary"]
[Date "2011.03.18"]
[Round "2"]
[White "Borda, Lajos"]
[Black "Werner, Dimo"]
[Result "1/2-1/2"]
[WhiteElo "2135"]
[BlackElo "2272"]
[PlyCount "47"]
[EventDate "2011.??.??"]

1. e4 Nf6 2. e5 Nd5 3. Nf3 d6 4. exd6 exd6 5. d4 Be7 6. Be2 O-O 7. O-O c6 8. c4
Nf6 9. Nc3 d5 10. Qc2 dxc4 11. Bxc4 Nbd7 12. Re1 Nb6 13. b3 Nxc4 14. bxc4 Be6
15. Qd3 Bb4 16. Bb2 b5 17. cxb5 cxb5 18. Qxb5 Rb8 19. Qe2 Nd5 20. Nxd5 Qxd5 21.
Red1 Rfc8 22. Ne5 Bf5 23. Nd3 Bd6 24. Nc5 1/2-1/2

[Event "27th Budapest Spring Festival"]
[Site "Budapest, Hungary"]
[Date "2011.03.18"]
[Round "2"]
[White "Juhasz, Kristof"]
[Black "Frih, Ameur"]
[Result "1-0"]
[WhiteElo "2272"]
[BlackElo "2095"]
[PlyCount "83"]
[EventDate "2011.??.??"]

1. Nf3 d6 2. d4 g6 3. g3 Bg7 4. c4 Nc6 5. d5 Nb8 6. Bg2 Nf6 7. Nc3 O-O 8. O-O
c5 9. e4 e6 10. h3 exd5 11. cxd5 Re8 12. Nd2 Na6 13. Nc4 Nc7 14. Bf4 Bf8 15. e5
dxe5 16. Bxe5 Nd7 17. Bf4 Nb6 18. Ne3 Bg7 19. Rc1 Bd4 20. Re1 Bd7 21. b3 Nb5
22. Nxb5 Bxb5 23. a4 Ba6 24. b4 Bxe3 25. Bxe3 cxb4 26. Qd4 Qd6 27. Bh6 f6 28.
Bf4 Qf8 29. a5 Rxe1+ 30. Rxe1 Nd7 31. d6 Re8 32. Rxe8 Qxe8 33. Qxb4 g5 34. Be3
Kg7 35. Qc3 Qe5 36. Qc7 Qb5 37. Bxa7 Kf7 38. Qd8 Kg6 39. Qe7 Kh6 40. Be4 f5 41.
Qe6+ Kg7 42. Bd4+ 1-0

[Event "27th Budapest Spring Festival"]
[Site "Budapest, Hungary"]
[Date "2011.03.18"]
[Round "2"]
[White "Mester, Attila"]
[Black "Szalanczy, Emil"]
[Result "0-1"]
[WhiteElo "2107"]
[BlackElo "2269"]
[PlyCount "46"]
[EventDate "2011.??.??"]

1. e4 c5 2. Nf3 d6 3. d4 cxd4 4. Nxd4 Nf6 5. Nc3 g6 6. Be3 Bg7 7. f3 Nc6 8. Qd2
O-O 9. O-O-O a5 10. Kb1 a4 11. a3 Qa5 12. Bb5 Bd7 13. Qe2 Rfc8 14. Nxc6 bxc6
15. Bxa4 Nxe4 16. Nxe4 Qxa4 17. Bc1 Rcb8 18. Rd3 Ra5 19. Re1 Be6 20. Nd2 Be5
21. g4 g5 22. Re3 Rab5 23. b3 Qd4 {after 16 move} 0-1

[Event "27th Budapest Spring Festival"]
[Site "Budapest, Hungary"]
[Date "2011.03.18"]
[Round "2"]
[White "Koczo, Kristof"]
[Black "Szajbely, Zsigmond"]
[Result "1/2-1/2"]
[WhiteElo "2264"]
[BlackElo "2074"]
[PlyCount "202"]
[EventDate "2011.??.??"]

1. d4 Nf6 2. c4 c5 3. d5 b5 4. cxb5 a6 5. bxa6 Bxa6 6. Nc3 g6 7. e4 Bxf1 8.
Kxf1 d6 9. Nf3 Bg7 10. h3 Nbd7 11. Kg1 O-O 12. Kh2 Qa5 13. Re1 Nb6 14. Re2 Nfd7
15. Bg5 Rfb8 16. Bxe7 Nc4 17. Rb1 Nde5 18. Nxe5 Bxe5+ 19. g3 f6 20. Qd3 Qa6 21.
f4 Bd4 22. e5 dxe5 23. Bxf6 Qxf6 24. Qxc4 exf4 25. Ne4 fxg3+ 26. Kg2 Qa6 27.
Qxa6 Rxa6 28. b3 Rd8 29. d6 Rc6 30. Rc1 Rcxd6 31. Nxd6 Rxd6 32. Kxg3 Rd7 33.
Rce1 Kf7 34. Rf1+ Kg7 35. a4 Bc3 36. Rf3 Ba5 37. Rc2 Bb4 38. Kf2 h5 39. Ke2 g5
40. Rf5 Kg6 41. Rfxc5 Bxc5 42. Rxc5 Rf7 43. Rc6+ Kf5 44. Kf3 Ke5+ 45. Kg3 Rb7
46. Rc5+ Ke6 47. Rc3 Kd5 48. h4 Kd4 49. Rf3 g4 50. Rf4+ Ke5 51. b4 Rc7 52. Rf2
Rc3+ 53. Kg2 Rb3 54. b5 Rb4 55. Ra2 Kd5 56. a5 Rxb5 57. a6 Rb8 58. Ra5+ Ke4 59.
a7 Ra8 60. Kg3 Ke3 61. Ra4 Ke2 62. Ra3 Ke1 63. Ra2 Kf1 64. Kf4 Kg1 65. Kg3 Kf1
66. Ra5 Ke2 67. Re5+ Kd3 68. Rxh5 Rxa7 69. Kxg4 Ke4 70. Rb5 Rg7+ 71. Rg5 Rf7
72. Rg8 Ke5 73. Kg5 Rf5+ 74. Kg6 Rf6+ 75. Kg7 Ra6 76. h5 Kf5 77. Kh7 Ra7+ 78.
Rg7 Ra8 79. h6 Kf6 80. Rb7 Rc8 81. Rb6+ Kf7 82. Rb1 Kf6 83. Rg1 Ra8 84. Rg8
Ra7+ 85. Kh8 Rb7 86. Ra8 Kg6 87. Ra6+ Kf7 88. Kh7 Rc7 89. Rg6 Rc8 90. Rg1 Kf6
91. Rf1+ Kg5 92. Rg1+ Kf6 93. Rg7 Ra8 94. Rb7 Rc8 95. Rb6+ Kf7 96. Rb2 Kf6 97.
Rf2+ Kg5 98. Rf7 Rc6 99. Rg7+ Kh5 100. Rg1 Rxh6+ 101. Kg7 Ra6 1/2-1/2

[Event "27th Budapest Spring Festival"]
[Site "Budapest, Hungary"]
[Date "2011.03.18"]
[Round "2"]
[White "Tran, Minh Thang"]
[Black "Hradeczky, Tamas"]
[Result "1/2-1/2"]
[WhiteElo "2077"]
[BlackElo "2260"]
[PlyCount "79"]
[EventDate "2011.??.??"]

1. d4 Nf6 2. Bf4 b6 3. e3 Bb7 4. Nf3 e6 5. Be2 Be7 6. h3 O-O 7. O-O c5 8. c3 d6
9. Nbd2 Ne4 10. Nxe4 Bxe4 11. Nd2 Bb7 12. Bf3 d5 13. e4 cxd4 14. cxd4 Nc6 15.
Nb3 dxe4 16. Bxe4 Qd7 17. Rc1 Rac8 18. Qe2 Nb4 19. Bxb7 Qxb7 20. a3 Nd5 21. Be5
Rxc1 22. Rxc1 Rc8 23. Rc4 Qa6 24. Nd2 Rxc4 25. Qxc4 Qxc4 26. Nxc4 f6 27. Bd6
Kf7 28. Kf1 b5 29. Bxe7 bxc4 30. Bc5 a6 31. g3 Ke8 32. Ke2 f5 33. Kd2 Kd7 34.
Kc2 Kc6 35. b3 cxb3+ 36. Kxb3 g5 37. Kc4 h5 38. Bf8 g4 39. hxg4 hxg4 40. Bh6
1/2-1/2